10 państw z największą i najmniejszą liczbą populacji - Statystyki

Ogólne statystyki
  • Ten quiz został rozwiązany 956 razy
    143 od ostatniego zresetowania
  • Średni wynik to 12 z 20
Statystyki odpowiedzi
Liczba ludności Państwo % Poprawnych
1,41mld Chiny
96%
1,46mld Indie
94%
143mln Rosja
92%
347mln Stany Zjednoczone
90%
212mln Brazylia
88%
500 Watykan
88%
33.000 San Marino
76%
38.000 Monako
70%
238mln Nigeria
70%
286mln Indonezja
67%
255mln Pakistan
66%
40.000 Liechtenstein
61%
176mln Bangladesz
57%
17.000 Palau
43%
9.000 Tuvalu
41%
12.000 Nauru
39%
36.000 Wyspy Marshalla
30%
47.000 Saint Kitts i Nevis
29%
136mln Etiopia
20%
65.000 Dominika
13%
Nie znaleziono quizów pasujących do podanych kryteriów
Rozkład punktacji
Procent ludzi z każdym wynikiem
Percentyl według liczby udzielonych odpowiedzi
Twoja historia wyników
Nie rozwiązałeś tego quizu od ostatniego zresetowania